header

Degrees of restructuring in Creole languages (Record no. 217283)

MARC details
000 -LEADER
fixed length control field 01504nam a2200385 a 4500
082 04 - DEWEY DECIMAL CLASSIFICATION NUMBER
Classification number 417/.22
245 00 - TITLE STATEMENT
Title Degrees of restructuring in Creole languages
260 ## - PUBLICATION, DISTRIBUTION, ETC. (IMPRINT)
Place of publication Amsterdam ;
-- Philadelphia :
Name of publisher J. Benjamins,
Year of publication c2000.
300 ## - PHYSICAL DESCRIPTION
Number of Pages 492 p. :
Other physical details ill.
490 1# - SERIES STATEMENT
Series statement Creole language library,
650 #0 - SUBJECT ADDED ENTRY--TOPICAL TERM
Topical Term Creole dialects
700 1# - ADDED ENTRY--PERSONAL NAME
Personal name Neumann-Holzschuh, Ingrid.
Personal name Schneider, Edgar W.
856 40 - ELECTRONIC LOCATION AND ACCESS
Uniform Resource Identifier http://site.ebrary.com/lib/rucke/Doc?id=10509460

No items available.

© 2026 Rongo University
Contact us: librarian | system librarian | Rongo university